000 00234 a2200097 4500
001 46282
100 _aChapin, W
245 _aThe Asian balance of power
260 _aLondon
_bInstitute for Strategic Studies
_c
090 _c29392
_d29392
942 _aNUST-CAE
_c
_c21549
999 _c281355
_d281355